[Event "BUL-ch U20"]
[Site "Pleven"]
[Date "2004.02.09"]
[Round "8"]
[White "Fillipov, Daniel"]
[Black "Markaryan, Garo"]
[Result "0-1"]
[WhiteElo "1885"]
[BlackElo "1925"]
[PlyCount "102"]
[EventDate "2004.02.10"]
[EventType "swiss"]
[EventRounds "9"]
[EventCountry "BUL"]
[SourceTitle "EXT 2005"]
[Source "ChessBase"]
[SourceDate "2004.11.15"]
[SourceVersion "1"]
[SourceVersionDate "2004.11.15"]
[SourceQuality "1"]

1. d4 Nf6 2. c4 g6 3. Nc3 Bg7 4. e4 d6 5. f3 0-0 6. Be3 e5 7. d5 c6 8. Bd3 cxd5 9. cxd5 a6 10. a4 Nbd7 11. Nge2 Nh5 12. Qd2 f5 13. a5 f4 14. Bf2 Nhf6 15. Na4 g5 16. Nb6 Nxb6 17. Bxb6 Qe7 18. Rc1 Ne8 19. b4 g4 20. Nc3 h5 21. b5 h4 22. Na2 h3 23. Nb4 Qh4+ 24. Bf2 g3 25. hxg3 fxg3 26. Be3 h2 27. bxa6 bxa6 28. Nc6 Bf6 29. Na7 Bh3 30. Rc6 Rxa7 31. Bxa7 Bg5 32. Qe2 Bd8 33. Bb6 Bd7 34. Rc3 Bxb6 35. axb6 Qd8 36. Qb2 Bb5 37. Bxb5 Qxb6 38. Qe2 axb5 39. Qe3 Qxe3+ 40. Rxe3 Nf6 41. Rb3 Rb8 42. Kd2 Nh5 43. Ke3 Nf4 44. Rb2 b4 45. Rhb1 b3 46. Rc1 Kg7 47. Ra1 Kg6 48. Rc1 Ra8 49. Rxb3 Ra2 50. Rb2 Rxb2 51. Rc2 Nxd5+ 0-1

[Event "BUL-ch U20"]
[Site "Pleven"]
[Date "2004.02.07"]
[Round "6"]
[White "Petkov, Atanas"]
[Black "Fillipov, Daniel"]
[Result "1-0"]
[WhiteElo "1890"]
[BlackElo "1915"]
[PlyCount "64"]
[EventDate "2004.02.10"]
[EventType "swiss"]
[EventRounds "9"]
[EventCountry "BUL"]
[SourceTitle "EXT 2005"]
[Source "ChessBase"]
[SourceDate "2004.11.15"]
[SourceVersion "1"]
[SourceVersionDate "2004.11.15"]
[SourceQuality "1"]

1. d4 d5 2. Nf3 e6 3. c4 Be7 4. Nc3 Nf6 5. Bg5 0-0 6. e3 Nbd7 7. cxd5 exd5 8. Qc2 c6 9. Bd3 h6 10. Bh4 Re8 11. 0-0 g5 12. Bg3 Nh5 13. a3 Nxg3 14. hxg3 Bd6 15. b4 a6 16. Rab1 Qe7 17. Rfe1 Nf6 18. Qb3 Ne4 19. a4 g4 20. Bxe4 dxe4 21. Nd2 Be6 22. Qb2 Rac8 23. Ndxe4 Bb8 24. Nc5 Bc4 25. Qc2 b6 26. Nd3 h5 27. Nf4 h4 28. Qf5 Bxf4 29. Qxf4 Be6 30. Ne4 Red8 31. Nf6+ Kg7 32. Qg5+ Kh8 1-0

[Event "BUL-ch U20"]
[Site "Pleven"]
[Date "2004.02.06"]
[Round "4"]
[White "Petkov, Martin"]
[Black "Fillipov, Daniel"]
[Result "0-1"]
[WhiteElo "1870"]
[BlackElo "1885"]
[PlyCount "30"]
[EventDate "2004.02.10"]
[EventType "swiss"]
[EventRounds "9"]
[EventCountry "BUL"]
[SourceTitle "EXT 2005"]
[Source "ChessBase"]
[SourceDate "2004.11.15"]
[SourceVersion "1"]
[SourceVersionDate "2004.11.15"]
[SourceQuality "1"]

1. d4 d5 2. Nf3 e6 3. c4 Be7 4. Nc3 Nf6 5. Bg5 0-0 6. e3 Nbd7 7. Rc1 c5 8. cxd5 exd5 9. dxc5 Nxc5 10. Nxd5 Nce4 11. Nxf6+ gxf6 12. Qxd8 Rxd8 13. Bf4 Bb4+ 14. Ke2 b6 15. a3 Ba6+ 0-1

[Event "BUL-ch U20"]
[Site "Pleven"]
[Date "2004.02.05"]
[Round "2"]
[White "Fillipov, Daniel"]
[Black "Raev, Rostislav"]
[Result "0-1"]
[WhiteElo "1885"]
[BlackElo "2290"]
[PlyCount "72"]
[EventDate "2004.02.10"]
[EventType "swiss"]
[EventRounds "9"]
[EventCountry "BUL"]
[SourceTitle "EXT 2005"]
[Source "ChessBase"]
[SourceDate "2004.11.15"]
[SourceVersion "1"]
[SourceVersionDate "2004.11.15"]
[SourceQuality "1"]

1. d4 d5 2. c4 e6 3. Nf3 Nf6 4. Nc3 Be7 5. Bf4 0-0 6. e3 Nbd7 7. Be2 c6 8. 0-0 Nh5 9. Bg3 Nxg3 10. hxg3 Nf6 11. c5 Nd7 12. b4 g6 13. a4 Bf6 14. Rb1 a5 15. b5 Nxc5 16. Ne5 Qc7 17. Nd3 Nxd3 18. Qxd3 e5 19. Rfc1 Qe7 20. dxe5 Bxe5 21. bxc6 bxc6 22. Rb6 Qc5 23. Rb3 Rd8 24. Qb1 Bf5 25. e4 dxe4 26. Nxe4 Qd4 27. Rc4 Qd5 28. Rd3 Qe6 29. Qb6 Rdb8 30. Qc5 Rb1+ 31. Kh2 Bxe4 32. Rxe4 Bxg3+ 33. Rxg3 Qxe4 34. Bd3 Qh4+ 35. Rh3 Qf4+ 36. g3 Qc1 0-1

[Event "BUL-ch U20"]
[Site "Pleven"]
[Date "2004.02.04"]
[Round "1"]
[White "Fillipov, Daniel"]
[Black "Mladenov, Plamen"]
[Result "0-1"]
[WhiteElo "1885"]
[BlackElo "2235"]
[PlyCount "69"]
[EventDate "2004.02.10"]
[EventType "swiss"]
[EventRounds "9"]
[EventCountry "BUL"]
[SourceTitle "EXT 2005"]
[Source "ChessBase"]
[SourceDate "2004.11.15"]
[SourceVersion "1"]
[SourceVersionDate "2004.11.15"]
[SourceQuality "1"]

1. d4 Nf6 2. c4 g6 3. Nc3 d5 4. e3 Bg7 5. Qb3 dxc4 6. Bxc4 0-0 7. Nf3 Nc6 8. Ne5 Nxe5 9. dxe5 Nd7 10. f4 Nc5 11. Qb4 Nd3+ 12. Bxd3 Qxd3 13. Qd4 Qa6 14. Qa4 Qxa4 15. Nxa4 f6 16. exf6 exf6 17. Bd2 b6 18. Bc3 Bd7 19. b3 Bxa4 20. bxa4 a5 21. 0-0-0 f5 22. Kc2 Rae8 23. Rhe1 Re4 24. Rd7 Bxc3 25. Kxc3 Rf7 26. Rxf7 Kxf7 27. Kb3 Ke7 28. Re2 Rb4+ 29. Ka3 Ke6 30. Rd2 Rb1 31. Rc2 c5 32. Rd2 Re1 33. g3 Rxe3+ 34. Kb2 Re4 35. Kb3 0-1